000 00698cam a22002174a 4500
005 20250605164320.0
008 250528s ||||||||||||||||||||||||d
035 _a22852
020 _a9780273651284
040 _aGR-AtMCL
_bgre
_dGR-AtMCL
_eAACR2
245 1 _aMANAGING PROJECTS
250 _a1
260 _bPrentice Hall,
_c2002
300 _a226
505 0 _aPROJECTS AND ORGANISATIONS UNDERSTANDING PROJECT MANAGEMENT MANAGING THE PROJECT TEAM MANAGING BEYOND THE TEAM
520 _aPROJECTS AND ORGANISATIONS UNDERSTANDING PROJECT MANAGEMENT MANAGING THE PROJECT TEAM MANAGING BEYOND THE TEAM
700 1 _aBoddy David
_91029
942 _cBK
999 _c7897
_d7897